000 00462nam a2200181Ia 4500
001 4483
005 20260306145759.0
008 260306t2005||||xx |||||||||||||| ||spa||
041 _aESP
082 _a323.1
_bM81
100 _aMolina T., Lucrecia
_eAUT
245 0 _aCampaña Educativa sobre Derechos Humanos y Derechos Indígenas:
_bMediación pedagógica
260 _c2005
300 _a
_c
650 _aGEN
654 _aCHU
942 _cLIB
_dJUS
_fJUS
_2ddc
_n
999 _c4483
_d4483